Tumors of the breast : (Record no. 51810)
[ view plain ]
| 000 -LEADER | |
|---|---|
| fixed length control field | 01010cam9a220024100 4500 |
| 001 - CONTROL NUMBER | |
| control field | qce00914348 |
| 005 - DATE AND TIME OF LATEST TRANSACTION | |
| control field | 20190814120032.0 |
| 008 - FIXED-LENGTH DATA ELEMENTS--GENERAL INFORMATION | |
| fixed length control field | 740923s1962 paua b 000 0 eng d |
| 010 ## - LIBRARY OF CONGRESS CONTROL NUMBER | |
| LC control number | 62008091 |
| 035 ## - SYSTEM CONTROL NUMBER | |
| System control number | (Sirsi) r98050 |
| 035 ## - SYSTEM CONTROL NUMBER | |
| System control number | (QCAT)lss00653012 |
| 035 ## - SYSTEM CONTROL NUMBER | |
| System control number | (UPRA)qce00914348 |
| 040 ## - CATALOGING SOURCE | |
| Modifying agency | UPRA |
| 100 1# - MAIN ENTRY--PERSONAL NAME | |
| Personal name | Cutler, Max, 1899- |
| Dates associated with a name | Cutler, Max, 1899- |
| Linkage | A56622.1 |
| 245 10 - TITLE STATEMENT | |
| Title | Tumors of the breast : |
| Remainder of title | their pathology, symptoms, diagnosis and treatment. |
| 260 ## - PUBLICATION, DISTRIBUTION, ETC. | |
| Place of publication, distribution, etc. | Philadelphia : |
| Name of publisher, distributor, etc. | Lippincott, |
| Date of publication, distribution, etc. | [c1962] |
| 500 ## - GENERAL NOTE | |
| General note | An addition to Tumours of the breast, by Sir Lenthal Cheatle, and the author, published in 1931. |
| 504 ## - BIBLIOGRAPHY, ETC. NOTE | |
| Bibliography, etc. note | Includes bibliographies. |
| 650 #2 - SUBJECT ADDED ENTRY--TOPICAL TERM | |
| Topical term or geographic name entry element | Breast Neoplasms |
| Linkage | S7160.1 |
| 700 1# - ADDED ENTRY--PERSONAL NAME | |
| Personal name | Cheatle, Sir George Lenthal, 1965-1951. Tumours of the breast. |
| Dates associated with a name | Cheatle, Sir George Lenthal, 1965-1951. Tumours of the breast. |
| Title of a work | Cheatle, Sir George Lenthal, 1965-1951. Tumours of the breast. |
| Linkage | A56623.1 |
| 949 ## - LOCAL PROCESSING INFORMATION (OCLC) | |
| a | RC280 |
| w | LC |
| i | -139373 |
| m | MEDICAL |
| t | BOOK |
| l | ON-SHELF |
No items available.